<?xml version="1.0" encoding="UTF-8"?>
<collection xmlns="http://www.loc.gov/MARC21/slim">
 <record>
  <leader>01486nam a2200205Ia 4500</leader>
  <controlfield tag="001">TDMU_40096</controlfield>
  <controlfield tag="008">210410s9999    xx            000 0 und d</controlfield>
  <datafield tag="082" ind1=" " ind2=" ">
   <subfield code="a">004</subfield>
  </datafield>
  <datafield tag="090" ind1=" " ind2=" ">
   <subfield code="b">V400</subfield>
  </datafield>
  <datafield tag="100" ind1=" " ind2=" ">
   <subfield code="a">Võ, Văn Cải</subfield>
  </datafield>
  <datafield tag="245" ind1=" " ind2="0">
   <subfield code="a">Tính hữu hiệu của hệ thống kiểm soát nội bộ tại Công an tỉnh Bình Dương</subfield>
  </datafield>
  <datafield tag="245" ind1=" " ind2="0">
   <subfield code="c">Võ Văn Cải; Phan Đức Dũng (h.dẫn)</subfield>
  </datafield>
  <datafield tag="260" ind1=" " ind2=" ">
   <subfield code="a">Bình Dương</subfield>
  </datafield>
  <datafield tag="260" ind1=" " ind2=" ">
   <subfield code="c">2019</subfield>
  </datafield>
  <datafield tag="300" ind1=" " ind2=" ">
   <subfield code="a">132 tr.+ Phụ lục</subfield>
  </datafield>
  <datafield tag="520" ind1=" " ind2=" ">
   <subfield code="a">Đồng ý về việc phục vụ đọc trực tuyến, chép file; cho photo 100% tài liệu; TM tài liệu tham khảo tr. 101 - 102; Luận văn Thạc sĩ trường Đại học Thủ Dầu Một. Chuyên ngành: Kế toán; Mã số: 8340101; Luận văn gồm 3 chương: Tổng quan cơ sở lý thuyết; Thực trạng kiểm soát nội bộ tại Công an tỉnh Bình Dương; Một số giải pháp hoàn thiện hệ thống kiểm soát nội bộ tại Công an tỉnh Bình Dương</subfield>
  </datafield>
  <datafield tag="650" ind1=" " ind2=" ">
   <subfield code="a">Kế toán</subfield>
   <subfield code="x">Hệ thống kiểm soát nội bộ</subfield>
   <subfield code="z">Công an tỉnh Bình Dương (Việt Nam); Công an</subfield>
   <subfield code="x">Kiểm soát nội bộ</subfield>
   <subfield code="z">Binh Dương (Việt Nam)</subfield>
  </datafield>
  <datafield tag="700" ind1=" " ind2=" ">
   <subfield code="a">Phan, Đức Dũng</subfield>
  </datafield>
  <datafield tag="856" ind1=" " ind2=" ">
   <subfield code="u">http://lrc.tdmu.edu.vn/opac/search/detail.asp?aID=2&amp;ID=40096</subfield>
  </datafield>
  <datafield tag="980" ind1=" " ind2=" ">
   <subfield code="a">Trung tâm Học liệu Trường Đại học Thủ Dầu Một</subfield>
  </datafield>
 </record>
</collection>
